000 00608nam a2200229Ia 4500
003 OSt
005 20220926042325.0
006 a|||||r|||| 00| 0
007 ta
008 220923b |||||||| |||| 00| 0 eng d
037 _cGeneral Book
040 _aRTL
_cRTL
_beng
041 _2eng
_aeng
082 _aY73(P15):1, K0
100 _aKabir Hamayun
_9346098
245 0 _aIndian heritage
260 _c1960
490 _aMaharaja Sayaji Rao Golden Jubilee Lectures 1943
650 _aIndian
_9232679
942 _hY73(P15):1, K0
_cGB
_2CC
999 _c669440
_d669440